[Event "DEM U14w 2024"]
[Site "Willingen GER"]
[Date "2024.05.19"]
[Round "1"]
[White "Bauer, Laura Sophie"]
[Black "Chandrasekher, Ritu"]
[Result "1/2-1/2"]
[Termination "normal"]
[Board "1"]
[WhiteElo "1874"]
[BlackElo "1633"]
[WhiteClock "00:29:12"]
[BlackClock "00:25:14"]
[PlyCount "115"]
[WhiteFideId "16253647"]
[BlackFideId "34609024"]
[EventCountry "GER"]
[EventRounds "9"]
[EventType "swiss"]
[EventDate "2024.05.18"]

1. e4 {[%clk 01:30:56]} {[%emt 00:00:02]} c6 {[%clk 01:30:48]} {[%emt
00:00:13]} 2. d4 {[%clk 01:31:19]} {[%emt 00:00:06]} d5 {[%clk 01:31:04]}
{[%emt 00:00:14]} 3. exd5 {[%clk 01:31:41]} {[%emt 00:00:07]} cxd5 {[%clk
01:31:20]} {[%emt 00:00:14]} 4. Bd3 {[%clk 01:32:02]} {[%emt 00:00:08]} Nc6
{[%clk 01:31:36]} {[%emt 00:00:15]} 5. c3 {[%clk 01:32:24]} {[%emt 00:00:08]}
Nf6 {[%clk 01:31:52]} {[%emt 00:00:15]} 6. h3 {[%clk 01:28:29]} {[%emt
00:04:24]} e6 {[%clk 01:31:25]} {[%emt 00:00:57]} 7. Bf4 {[%clk 01:27:24]}
{[%emt 00:01:35]} Bd6 {[%clk 01:31:17]} {[%emt 00:00:39]} 8. Bxd6 {[%clk
01:27:21]} {[%emt 00:00:32]} Qxd6 {[%clk 01:31:37]} {[%emt 00:00:10]} 9. Nf3
{[%clk 01:27:20]} {[%emt 00:00:32]} O-O {[%clk 01:31:50]} {[%emt 00:00:17]} 10.
O-O {[%clk 01:26:52]} {[%emt 00:00:58]} a6 {[%clk 01:32:05]} {[%emt 00:00:15]}
11. Nbd2 {[%clk 01:24:45]} {[%emt 00:02:36]} b5 {[%clk 01:31:36]} {[%emt
00:01:00]} 12. a3 {[%clk 01:23:42]} {[%emt 00:01:32]} Na5 {[%clk 01:28:24]}
{[%emt 00:03:42]} 13. Ne5 {[%clk 01:15:23]} {[%emt 00:08:49]} Nc4 {[%clk
01:25:19]} {[%emt 00:03:35]} 14. Ndxc4 {[%clk 01:13:11]} {[%emt 00:02:42]} dxc4
{[%clk 01:24:45]} {[%emt 00:01:03]} 15. Be2 {[%clk 01:08:01]} {[%emt 00:05:40]}
Bb7 {[%clk 01:19:46]} {[%emt 00:05:29]} 16. Bf3 {[%clk 01:05:50]} {[%emt
00:02:42]} Nd5 {[%clk 01:13:42]} {[%emt 00:06:33]} 17. Ng4 {[%clk 00:58:30]}
{[%emt 00:07:50]} Rab8 {[%clk 01:05:58]} {[%emt 00:08:15]} 18. Ne3 {[%clk
00:51:09]} {[%emt 00:07:51]} Nf4 {[%clk 00:55:13]} {[%emt 00:11:15]} 19. Bxb7
{[%clk 00:49:49]} {[%emt 00:01:49]} Rxb7 {[%clk 00:53:12]} {[%emt 00:02:32]}
20. Qf3 {[%clk 00:48:55]} {[%emt 00:01:23]} Rbb8 {[%clk 00:50:35]} {[%emt
00:03:08]} 21. Rfd1 {[%clk 00:46:48]} {[%emt 00:02:37]} Nd3 {[%clk 00:46:03]}
{[%emt 00:05:02]} 22. b3 {[%clk 00:39:33]} {[%emt 00:07:45]} Rfc8 {[%clk
00:39:46]} {[%emt 00:06:47]} 23. bxc4 {[%clk 00:37:02]} {[%emt 00:03:00]} bxc4
{[%clk 00:29:48]} {[%emt 00:10:28]} 24. Nxc4 {[%clk 00:37:16]} {[%emt
00:00:16]} Rxc4 {[%clk 00:29:26]} {[%emt 00:00:53]} 25. Qxd3 {[%clk 00:37:37]}
{[%emt 00:00:08]} Rbc8 {[%clk 00:28:21]} {[%emt 00:01:35]} 26. Rdc1 {[%clk
00:36:51]} {[%emt 00:01:17]} Qc7 {[%clk 00:25:32]} {[%emt 00:03:18]} 27. Rab1
{[%clk 00:36:26]} {[%emt 00:00:56]} g6 {[%clk 00:25:01]} {[%emt 00:01:01]} 28.
Rb3 {[%clk 00:35:21]} {[%emt 00:01:34]} Qa5 {[%clk 00:23:03]} {[%emt 00:02:29]}
29. Rc2 {[%clk 00:28:16]} {[%emt 00:07:34]} Qc7 {[%clk 00:20:01]} {[%emt
00:03:33]} 30. Qe3 {[%clk 00:22:11]} {[%emt 00:06:35]} Qa5 {[%clk 00:15:16]}
{[%emt 00:05:16]} 31. Qd2 {[%clk 00:16:40]} {[%emt 00:06:00]} Qc7 {[%clk
00:13:54]} {[%emt 00:01:52]} 32. Qd3 {[%clk 00:16:47]} {[%emt 00:00:23]} a5
{[%clk 00:12:37]} {[%emt 00:01:47]} 33. Rb5 {[%clk 00:13:52]} {[%emt 00:03:24]}
a4 {[%clk 00:10:57]} {[%emt 00:02:11]} 34. Rb4 {[%clk 00:13:02]} {[%emt
00:01:20]} Rxb4 {[%clk 00:08:38]} {[%emt 00:02:49]} 35. axb4 {[%clk 00:13:26]}
{[%emt 00:00:06]} Qb7 {[%clk 00:07:54]} {[%emt 00:01:14]} 36. Ra2 {[%clk
00:13:01]} {[%emt 00:00:54]} Qc6 {[%clk 00:07:21]} {[%emt 00:01:04]} 37. Ra3
{[%clk 00:12:30]} {[%emt 00:01:01]} Rb8 {[%clk 00:06:31]} {[%emt 00:01:20]} 38.
Qd1 {[%clk 00:12:24]} {[%emt 00:00:35]} Ra8 {[%clk 00:05:34]} {[%emt 00:01:28]}
39. Qf3 {[%clk 00:12:39]} {[%emt 00:00:15]} Qa6 {[%clk 00:05:35]} {[%emt
00:00:29]} 40. Qe4 {[%clk 00:12:18]} {[%emt 00:00:51]} Qc8 {[%clk 00:04:09]}
{[%emt 00:01:56]} 41. Qd3 {[%clk 00:11:55]} {[%emt 00:00:53]} Qb7 {[%clk
00:03:03]} {[%emt 00:01:36]} 42. b5 {[%clk 00:11:42]} {[%emt 00:00:43]} Qe7
{[%clk 00:02:00]} {[%emt 00:01:33]} 43. c4 {[%clk 00:11:20]} {[%emt 00:00:53]}
Qb4 {[%clk 00:00:54]} {[%emt 00:01:36]} 44. Qc3 {[%clk 00:09:39]} {[%emt
00:02:10]} Qb1+ {[%clk 00:00:54]} {[%emt 00:00:30]} 45. Kh2 {[%clk 00:09:55]}
{[%emt 00:00:12]} Qe4 {[%clk 00:28:57]} {[%emt 00:02:28]} 46. Qf3 {[%clk
00:39:12]} {[%emt 00:01:13]} Qxf3 {[%clk 00:29:20]} {[%emt 00:00:08]} 47. gxf3
{[%clk 00:39:39]} {[%emt 00:00:04]} Kf8 {[%clk 00:29:09]} {[%emt 00:00:40]} 48.
c5 {[%clk 00:40:01]} {[%emt 00:00:08]} Ke8 {[%clk 00:28:57]} {[%emt 00:00:42]}
49. Kg3 {[%clk 00:40:25]} {[%emt 00:00:06]} Ra5 {[%clk 00:28:04]} {[%emt
00:01:23]} 50. b6 {[%clk 00:40:45]} {[%emt 00:00:10]} Kd7 {[%clk 00:28:15]}
{[%emt 00:00:20]} 51. Kf4 {[%clk 00:40:53]} {[%emt 00:00:22]} f6 {[%clk
00:28:06]} {[%emt 00:00:38]} 52. Ke4 {[%clk 00:41:09]} {[%emt 00:00:14]} Kc6
{[%clk 00:28:10]} {[%emt 00:00:28]} 53. Kd3 {[%clk 00:41:23]} {[%emt 00:00:15]}
e5 {[%clk 00:26:58]} {[%emt 00:01:42]} 54. Kc4 {[%clk 00:34:18]} {[%emt
00:07:35]} exd4 {[%clk 00:25:50]} {[%emt 00:01:38]} 55. Kxd4 {[%clk 00:34:03]}
{[%emt 00:00:44]} Rxc5 {[%clk 00:25:27]} {[%emt 00:00:54]} 56. Rxa4 {[%clk
00:34:28]} {[%emt 00:00:04]} Rd5+ {[%clk 00:25:03]} {[%emt 00:00:54]} 57. Kc4
{[%clk 00:30:41]} {[%emt 00:04:17]} Rc5+ {[%clk 00:25:14]} {[%emt 00:00:19]}
58. Kd4 {[%clk 00:29:12]} {[%emt 00:01:59]} 1/2-1/2

[Event "DEM U14w 2024"]
[Site "Willingen GER"]
[Date "2024.05.19"]
[Round "1"]
[White "Vogt, Luna"]
[Black "Trunz, Tamila"]
[Result "0-1"]
[Termination "normal"]
[Board "2"]
[WhiteElo "1666"]
[BlackElo "1988"]
[WhiteClock "00:02:22"]
[BlackClock "00:14:28"]
[PlyCount "54"]
[WhiteFideId "34607153"]
[BlackFideId "16267885"]
[EventCountry "GER"]
[EventRounds "9"]
[EventType "swiss"]
[EventDate "2024.05.18"]

1. e4 {[%clk 01:30:57]} {[%emt 00:00:02]} c5 {[%clk 01:30:56]} {[%emt
00:00:05]} 2. Nf3 {[%clk 01:31:19]} {[%emt 00:00:07]} e6 {[%clk 01:31:20]}
{[%emt 00:00:06]} 3. d4 {[%clk 01:30:57]} {[%emt 00:00:52]} cxd4 {[%clk
01:31:44]} {[%emt 00:00:07]} 4. Nxd4 {[%clk 01:31:17]} {[%emt 00:00:09]} Qb6
{[%clk 01:29:35]} {[%emt 00:02:38]} 5. Nc3 {[%clk 01:30:03]} {[%emt 00:01:44]}
Bc5 {[%clk 01:28:47]} {[%emt 00:01:19]} 6. Be3 {[%clk 01:01:35]} {[%emt
00:28:57]} Nc6 {[%clk 01:15:17]} {[%emt 00:14:01]} 7. Ndb5 {[%clk 00:56:22]}
{[%emt 00:05:42]} Bxe3 {[%clk 01:14:36]} {[%emt 00:01:11]} 8. fxe3 {[%clk
00:52:17]} {[%emt 00:04:35]} Qxe3+ {[%clk 01:14:06]} {[%emt 00:01:00]} 9. Be2
{[%clk 00:50:58]} {[%emt 00:01:48]} Kf8 {[%clk 01:09:26]} {[%emt 00:05:11]} 10.
Qd6+ {[%clk 00:39:08]} {[%emt 00:12:20]} Nge7 {[%clk 01:08:56]} {[%emt
00:01:01]} 11. Rf1 {[%clk 00:33:23]} {[%emt 00:06:14]} f6 {[%clk 00:53:51]}
{[%emt 00:15:36]} 12. Rf3 {[%clk 00:30:50]} {[%emt 00:03:03]} Qg1+ {[%clk
00:47:37]} {[%emt 00:06:44]} 13. Bf1 {[%clk 00:28:20]} {[%emt 00:02:59]} Qb6
{[%clk 00:45:38]} {[%emt 00:02:30]} 14. O-O-O {[%clk 00:27:12]} {[%emt
00:01:38]} a6 {[%clk 00:40:37]} {[%emt 00:05:31]} 15. Na3 {[%clk 00:25:55]}
{[%emt 00:01:47]} Qa7 {[%clk 00:34:10]} {[%emt 00:06:58]} 16. Na4 {[%clk
00:22:17]} {[%emt 00:04:07]} Kf7 {[%clk 00:27:13]} {[%emt 00:07:27]} 17. Qc7
{[%clk 00:19:06]} {[%emt 00:03:41]} b5 {[%clk 00:24:39]} {[%emt 00:03:03]} 18.
Qxa7 {[%clk 00:19:17]} {[%emt 00:00:20]} Rxa7 {[%clk 00:24:57]} {[%emt
00:00:13]} 19. Nb6 {[%clk 00:18:42]} {[%emt 00:01:04]} Ne5 {[%clk 00:24:53]}
{[%emt 00:00:34]} 20. Rf2 {[%clk 00:16:32]} {[%emt 00:02:39]} Rb7 {[%clk
00:22:07]} {[%emt 00:03:17]} 21. Nxc8 {[%clk 00:16:18]} {[%emt 00:00:44]} Rxc8
{[%clk 00:22:30]} {[%emt 00:00:07]} 22. Rfd2 {[%clk 00:15:03]} {[%emt
00:01:44]} d5 {[%clk 00:19:08]} {[%emt 00:03:53]} 23. Re2 {[%clk 00:11:39]}
{[%emt 00:03:54]} Rbc7 {[%clk 00:17:25]} {[%emt 00:02:14]} 24. Rdd2 {[%clk
00:08:37]} {[%emt 00:03:31]} b4 {[%clk 00:17:10]} {[%emt 00:00:45]} 25. Nb1
{[%clk 00:08:32]} {[%emt 00:00:35]} Nc4 {[%clk 00:14:56]} {[%emt 00:02:44]} 26.
Rd3 {[%clk 00:05:59]} {[%emt 00:03:02]} dxe4 {[%clk 00:14:57]} {[%emt
00:00:30]} 27. Rb3 {[%clk 00:02:22]} {[%emt 00:04:07]} Nd5 {[%clk 00:14:28]}
{[%emt 00:00:59]} 0-1

[Event "DEM U14w 2024"]
[Site "Willingen GER"]
[Date "2024.05.19"]
[Round "1"]
[White "Czäczine, Paula"]
[Black "Dedic, Sajra"]
[Result "1-0"]
[Termination "normal"]
[Board "3"]
[WhiteElo "1808"]
[BlackElo "1555"]
[WhiteClock "00:17:26"]
[BlackClock "00:10:17"]
[PlyCount "49"]
[WhiteFideId "16249305"]
[BlackFideId "14422794"]
[EventCountry "GER"]
[EventRounds "9"]
[EventType "swiss"]
[EventDate "2024.05.18"]

1. e4 {[%clk 01:30:56]} {[%emt 00:00:03]} d6 {[%clk 01:30:55]} {[%emt
00:00:06]} 2. d4 {[%clk 01:31:18]} {[%emt 00:00:07]} Nf6 {[%clk 01:31:18]}
{[%emt 00:00:07]} 3. Nc3 {[%clk 01:31:22]} {[%emt 00:00:27]} e5 {[%clk
01:31:41]} {[%emt 00:00:07]} 4. Nf3 {[%clk 01:27:16]} {[%emt 00:04:36]} exd4
{[%clk 01:32:03]} {[%emt 00:00:08]} 5. Nxd4 {[%clk 01:27:29]} {[%emt 00:00:17]}
Be7 {[%clk 01:32:24]} {[%emt 00:00:08]} 6. Bc4 {[%clk 01:25:26]} {[%emt
00:02:33]} O-O {[%clk 01:32:39]} {[%emt 00:00:16]} 7. a4 {[%clk 01:22:36]}
{[%emt 00:03:20]} Re8 {[%clk 01:29:30]} {[%emt 00:03:38]} 8. O-O {[%clk
01:20:58]} {[%emt 00:02:08]} Bf8 {[%clk 01:28:49]} {[%emt 00:01:12]} 9. Re1
{[%clk 01:11:32]} {[%emt 00:09:55]} Nbd7 {[%clk 01:20:21]} {[%emt 00:08:58]}
10. Bg5 {[%clk 01:04:37]} {[%emt 00:07:25]} Ne5 {[%clk 01:04:16]} {[%emt
00:16:36]} 11. Bb3 {[%clk 01:02:11]} {[%emt 00:02:55]} c6 {[%clk 00:50:20]}
{[%emt 00:14:26]} 12. a5 {[%clk 00:55:43]} {[%emt 00:06:58]} a6 {[%clk
00:47:02]} {[%emt 00:03:48]} 13. h3 {[%clk 00:43:33]} {[%emt 00:12:40]} Ng6
{[%clk 00:37:54]} {[%emt 00:09:38]} 14. Nf5 {[%clk 00:33:15]} {[%emt 00:10:48]}
Re5 {[%clk 00:28:05]} {[%emt 00:10:18]} 15. f4 {[%clk 00:29:09]} {[%emt
00:04:37]} Rxa5 {[%clk 00:27:19]} {[%emt 00:01:17]} 16. Rxa5 {[%clk 00:24:48]}
{[%emt 00:04:51]} Qxa5 {[%clk 00:27:38]} {[%emt 00:00:10]} 17. Bxf6 {[%clk
00:22:29]} {[%emt 00:02:49]} gxf6 {[%clk 00:27:17]} {[%emt 00:00:51]} 18. Qh5
{[%clk 00:20:38]} {[%emt 00:02:20]} Be6 {[%clk 00:17:38]} {[%emt 00:10:09]} 19.
Nh6+ {[%clk 00:20:37]} {[%emt 00:00:31]} Bxh6 {[%clk 00:15:25]} {[%emt
00:02:44]} 20. Qxa5 {[%clk 00:21:00]} {[%emt 00:00:07]} Nxf4 {[%clk 00:12:56]}
{[%emt 00:02:59]} 21. Bxe6 {[%clk 00:19:20]} {[%emt 00:02:10]} fxe6 {[%clk
00:13:17]} {[%emt 00:00:09]} 22. Ne2 {[%clk 00:19:27]} {[%emt 00:00:22]} Ng6
{[%clk 00:10:33]} {[%emt 00:03:14]} 23. Qc7 {[%clk 00:19:01]} {[%emt 00:00:57]}
Kh8 {[%clk 00:10:03]} {[%emt 00:01:00]} 24. Qxb7 {[%clk 00:18:47]} {[%emt
00:00:44]} Rg8 {[%clk 00:10:17]} {[%emt 00:00:16]} 25. Qf7 {[%clk 00:17:26]}
{[%emt 00:01:51]} 1-0

[Event "DEM U14w 2024"]
[Site "Willingen GER"]
[Date "2024.05.19"]
[Round "1"]
[White "Mehner, Clara"]
[Black "Schwarzfischer, Julia"]
[Result "0-1"]
[Termination "normal"]
[Board "4"]
[WhiteElo "1647"]
[BlackElo "1767"]
[WhiteClock "00:41:10"]
[BlackClock "01:04:43"]
[PlyCount "65"]
[WhiteFideId "34612165"]
[BlackFideId "16268105"]
[EventCountry "GER"]
[EventRounds "9"]
[EventType "swiss"]
[EventDate "2024.05.18"]

1. e4 {[%clk 01:30:58]} c5 {[%clk 01:30:55]} {[%emt 00:00:06]} 2. Nf3 {[%clk
01:31:22]} {[%emt 00:00:06]} Nc6 {[%clk 01:31:19]} {[%emt 00:00:07]} 3. d4
{[%clk 01:31:44]} {[%emt 00:00:08]} cxd4 {[%clk 01:31:43]} {[%emt 00:00:06]} 4.
Nxd4 {[%clk 01:32:03]} {[%emt 00:00:10]} e5 {[%clk 01:32:05]} {[%emt 00:00:08]}
5. Nb5 {[%clk 01:32:09]} {[%emt 00:00:23]} d6 {[%clk 01:32:25]} {[%emt
00:00:10]} 6. c4 {[%clk 01:31:30]} {[%emt 00:01:09]} Be7 {[%clk 01:32:27]}
{[%emt 00:00:28]} 7. N1c3 {[%clk 01:29:25]} {[%emt 00:02:35]} a6 {[%clk
01:32:45]} {[%emt 00:00:12]} 8. Na3 {[%clk 01:29:13]} {[%emt 00:00:42]} Nf6
{[%clk 01:31:35]} {[%emt 00:01:40]} 9. Be2 {[%clk 01:27:24]} {[%emt 00:02:19]}
Nd4 {[%clk 01:24:57]} {[%emt 00:07:07]} 10. Nc2 {[%clk 01:24:26]} {[%emt
00:03:29]} Nxe2 {[%clk 01:24:41]} {[%emt 00:00:45]} 11. Qxe2 {[%clk 01:24:36]}
{[%emt 00:00:20]} Bg4 {[%clk 01:21:48]} {[%emt 00:03:24]} 12. f3 {[%clk
01:22:59]} {[%emt 00:02:08]} Be6 {[%clk 01:21:27]} {[%emt 00:00:50]} 13. Be3
{[%clk 01:20:55]} {[%emt 00:02:34]} O-O {[%clk 01:20:55]} {[%emt 00:01:02]} 14.
O-O {[%clk 01:20:23]} {[%emt 00:01:02]} Rc8 {[%clk 01:19:24]} {[%emt 00:02:01]}
15. b3 {[%clk 01:18:27]} {[%emt 00:02:25]} b5 {[%clk 01:09:16]} {[%emt
00:10:39]} 16. cxb5 {[%clk 01:06:24]} {[%emt 00:12:34]} Rxc3 {[%clk 01:08:51]}
{[%emt 00:00:54]} 17. bxa6 {[%clk 01:06:42]} {[%emt 00:00:11]} d5 {[%clk
01:05:09]} {[%emt 00:04:13]} 18. exd5 {[%clk 01:01:57]} {[%emt 00:05:15]} Nxd5
{[%clk 01:04:11]} {[%emt 00:01:28]} 19. Bf2 {[%clk 00:57:47]} {[%emt 00:04:39]}
Qc7 {[%clk 01:03:00]} {[%emt 00:01:41]} 20. Ne3 {[%clk 00:52:48]} {[%emt
00:05:29]} Nxe3 {[%clk 01:02:51]} {[%emt 00:00:39]} 21. Bxe3 {[%clk 00:52:13]}
{[%emt 00:01:06]} Rxe3 {[%clk 01:03:14]} {[%emt 00:00:07]} 22. Qb2 {[%clk
00:41:54]} {[%emt 00:10:48]} Bc5 {[%clk 01:03:17]} {[%emt 00:00:27]} 23. Kh1
{[%clk 00:41:42]} {[%emt 00:00:43]} Bd4 {[%clk 01:03:37]} {[%emt 00:00:11]} 24.
Qa3 {[%clk 00:41:09]} {[%emt 00:01:02]} Bxa1 {[%clk 01:03:44]} {[%emt
00:00:23]} 25. Rxa1 {[%clk 00:41:26]} {[%emt 00:00:13]} Qc3 {[%clk 01:03:46]}
{[%emt 00:00:28]} 26. Qc1 {[%clk 00:41:17]} {[%emt 00:00:39]} Rc8 {[%clk
01:03:57]} {[%emt 00:00:19]} 27. Qd1 {[%clk 00:41:11]} {[%emt 00:00:37]} Rd3
{[%clk 01:03:59]} {[%emt 00:00:27]} 28. Qg1 {[%clk 00:41:08]} {[%emt 00:00:32]}
Bd5 {[%clk 01:03:43]} {[%emt 00:00:46]} 29. Qf1 {[%clk 00:40:43]} {[%emt
00:00:55]} Rxf3 {[%clk 01:03:49]} {[%emt 00:00:25]} 30. gxf3 {[%clk 00:40:55]}
{[%emt 00:00:17]} Bxf3+ {[%clk 01:04:16]} {[%emt 00:00:04]} 31. Kg1 {[%clk
00:41:10]} {[%emt 00:00:15]} Qd4+ {[%clk 01:04:43]} {[%emt 00:00:02]} 0-1

[Event "DEM U14w 2024"]
[Site "Willingen GER"]
[Date "2024.05.19"]
[Round "1"]
[White "Kopylov, Diana"]
[Black "Ignatova, Gabriela"]
[Result "0-1"]
[Termination "normal"]
[Board "5"]
[WhiteElo "1887"]
[BlackElo "1552"]
[WhiteClock "00:30:02"]
[BlackClock "01:04:24"]
[PlyCount "118"]
[WhiteFideId "16268865"]
[BlackFideId "34623698"]
[EventCountry "GER"]
[EventRounds "9"]
[EventType "swiss"]
[EventDate "2024.05.18"]

1. e4 {[%clk 01:30:57]} {[%emt 00:00:02]} c5 {[%clk 01:30:44]} {[%emt
00:00:16]} 2. Nf3 {[%clk 01:31:21]} {[%emt 00:00:06]} a6 {[%clk 01:31:03]}
{[%emt 00:00:12]} 3. c3 {[%clk 01:31:33]} {[%emt 00:00:17]} d5 {[%clk
01:30:11]} {[%emt 00:01:22]} 4. exd5 {[%clk 01:31:07]} {[%emt 00:00:56]} Qxd5
{[%clk 01:29:53]} {[%emt 00:00:49]} 5. d4 {[%clk 01:30:31]} {[%emt 00:01:05]}
Nf6 {[%clk 01:30:00]} {[%emt 00:00:23]} 6. Be3 {[%clk 01:29:25]} {[%emt
00:01:35]} cxd4 {[%clk 01:29:01]} {[%emt 00:01:30]} 7. cxd4 {[%clk 01:27:59]}
{[%emt 00:01:57]} e6 {[%clk 01:27:11]} {[%emt 00:02:20]} 8. Nc3 {[%clk
01:25:35]} {[%emt 00:02:53]} Qd6 {[%clk 01:20:05]} {[%emt 00:07:36]} 9. Bd3
{[%clk 01:24:23]} {[%emt 00:01:42]} Be7 {[%clk 01:19:50]} {[%emt 00:00:45]} 10.
O-O {[%clk 01:24:21]} {[%emt 00:00:31]} O-O {[%clk 01:19:53]} {[%emt 00:00:27]}
11. Rc1 {[%clk 01:23:51]} {[%emt 00:01:00]} Nc6 {[%clk 01:16:04]} {[%emt
00:04:20]} 12. Bb1 {[%clk 01:21:44]} {[%emt 00:02:37]} b5 {[%clk 01:15:34]}
{[%emt 00:01:01]} 13. Ng5 {[%clk 01:06:43]} {[%emt 00:15:30]} h6 {[%clk
01:08:38]} {[%emt 00:07:26]} 14. Nge4 {[%clk 01:02:33]} {[%emt 00:04:40]} Qd8
{[%clk 01:06:47]} {[%emt 00:02:22]} 15. Qd3 {[%clk 00:50:00]} {[%emt 00:13:01]}
Nh7 {[%clk 01:00:55]} {[%emt 00:06:23]} 16. a3 {[%clk 00:31:28]} {[%emt
00:19:03]} e5 {[%clk 00:55:19]} {[%emt 00:06:06]} 17. Nxb5 {[%clk 00:23:47]}
{[%emt 00:08:10]} Bd7 {[%clk 00:52:37]} {[%emt 00:03:12]} 18. d5 {[%clk
00:13:40]} {[%emt 00:10:37]} Nb4 {[%clk 00:50:37]} {[%emt 00:02:31]} 19. axb4
{[%clk 00:12:53]} {[%emt 00:01:16]} Bxb5 {[%clk 00:50:24]} {[%emt 00:00:43]}
20. Qd2 {[%clk 00:08:44]} {[%emt 00:04:39]} Bxf1 {[%clk 00:47:25]} {[%emt
00:03:29]} 21. Rxf1 {[%clk 00:07:28]} {[%emt 00:01:46]} Ng5 {[%clk 00:47:18]}
{[%emt 00:00:37]} 22. Qd3 {[%clk 00:05:52]} {[%emt 00:02:05]} Nxe4 {[%clk
00:43:57]} {[%emt 00:03:52]} 23. Qxe4 {[%clk 00:06:13]} {[%emt 00:00:08]} f5
{[%clk 00:43:57]} {[%emt 00:00:30]} 24. Qxe5 {[%clk 00:06:09]} {[%emt
00:00:35]} Qd6 {[%clk 00:43:26]} {[%emt 00:00:59]} 25. Qd4 {[%clk 00:05:09]}
{[%emt 00:01:32]} Qxb4 {[%clk 00:41:57]} {[%emt 00:01:57]} 26. Qxb4 {[%clk
00:02:56]} {[%emt 00:02:45]} Bxb4 {[%clk 00:42:21]} {[%emt 00:00:06]} 27. Rd1
{[%clk 00:03:10]} {[%emt 00:00:15]} Rad8 {[%clk 00:42:12]} {[%emt 00:00:39]}
28. Bd3 {[%clk 00:02:55]} {[%emt 00:00:45]} a5 {[%clk 00:42:09]} {[%emt
00:00:34]} 29. Bb6 {[%clk 00:02:17]} {[%emt 00:01:09]} Rd6 {[%clk 00:41:35]}
{[%emt 00:01:03]} 30. Bc7 {[%clk 00:02:21]} {[%emt 00:00:26]} Rd7 {[%clk
00:41:59]} {[%emt 00:00:06]} 31. d6 {[%clk 00:02:27]} {[%emt 00:00:24]} Bxd6
{[%clk 00:38:00]} {[%emt 00:04:29]} 32. Bxd6 {[%clk 00:01:48]} {[%emt
00:01:08]} Rfd8 {[%clk 00:38:07]} {[%emt 00:00:23]} 33. Bxf5 {[%clk 00:01:14]}
{[%emt 00:01:05]} Rxd6 {[%clk 00:38:15]} {[%emt 00:00:22]} 34. Rxd6 {[%clk
00:01:26]} {[%emt 00:00:18]} Rxd6 {[%clk 00:38:34]} {[%emt 00:00:11]} 35. Kf1
{[%clk 00:01:26]} {[%emt 00:00:30]} Rd2 {[%clk 00:38:58]} {[%emt 00:00:06]} 36.
b3 {[%clk 00:01:46]} {[%emt 00:00:10]} Kf7 {[%clk 00:38:47]} {[%emt 00:00:40]}
37. Be4 {[%clk 00:01:17]} {[%emt 00:00:59]} Ke6 {[%clk 00:38:43]} {[%emt
00:00:34]} 38. Ke1 {[%clk 00:01:16]} {[%emt 00:00:31]} Rb2 {[%clk 00:38:54]}
{[%emt 00:00:20]} 39. Bd3 {[%clk 00:01:30]} {[%emt 00:00:15]} Ke5 {[%clk
00:39:02]} {[%emt 00:00:23]} 40. Bc4 {[%clk 00:01:41]} {[%emt 00:00:19]} Kd4
{[%clk 00:39:16]} {[%emt 00:00:15]} 41. Bf7 {[%clk 00:01:06]} {[%emt 00:01:05]}
Kc3 {[%clk 00:38:56]} {[%emt 00:00:51]} 42. g4 {[%clk 00:29:28]} {[%emt
00:02:07]} Rxb3 {[%clk 01:08:59]} {[%emt 00:00:28]} 43. Be8 {[%clk 00:28:28]}
{[%emt 00:01:29]} Rb4 {[%clk 01:05:38]} {[%emt 00:03:52]} 44. f3 {[%clk
00:28:02]} {[%emt 00:00:56]} a4 {[%clk 01:05:21]} {[%emt 00:00:47]} 45. Bf7
{[%clk 00:27:37]} {[%emt 00:00:54]} a3 {[%clk 01:05:32]} {[%emt 00:00:20]} 46.
h4 {[%clk 00:27:41]} {[%emt 00:00:26]} Rf4 {[%clk 01:05:30]} {[%emt 00:00:32]}
47. Ba2 {[%clk 00:27:27]} {[%emt 00:00:43]} Kb2 {[%clk 01:04:55]} {[%emt
00:01:06]} 48. Bd5 {[%clk 00:27:44]} {[%emt 00:00:12]} a2 {[%clk 01:02:26]}
{[%emt 00:03:00]} 49. Bxa2 {[%clk 00:28:04]} {[%emt 00:00:10]} Kxa2 {[%clk
01:02:50]} {[%emt 00:00:06]} 50. Ke2 {[%clk 00:28:28]} {[%emt 00:00:06]} Kb3
{[%clk 01:03:07]} {[%emt 00:00:13]} 51. Ke3 {[%clk 00:28:52]} {[%emt 00:00:05]}
Ra4 {[%clk 01:02:58]} {[%emt 00:00:39]} 52. f4 {[%clk 00:29:03]} {[%emt
00:00:18]} Kc3 {[%clk 01:02:59]} {[%emt 00:00:31]} 53. h5 {[%clk 00:28:58]}
{[%emt 00:00:35]} Rb4 {[%clk 01:02:53]} {[%emt 00:00:36]} 54. g5 {[%clk
00:29:07]} {[%emt 00:00:19]} hxg5 {[%clk 01:03:06]} {[%emt 00:00:18]} 55. fxg5
{[%clk 00:29:32]} {[%emt 00:00:05]} Rh4 {[%clk 01:03:26]} {[%emt 00:00:10]} 56.
Kf3 {[%clk 00:29:09]} {[%emt 00:00:54]} Rxh5 {[%clk 01:03:41]} {[%emt
00:00:15]} 57. Kg4 {[%clk 00:29:27]} {[%emt 00:00:11]} g6 {[%clk 01:03:58]}
{[%emt 00:00:14]} 58. Kf4 {[%clk 00:29:47]} {[%emt 00:00:09]} Rh1 {[%clk
01:04:14]} {[%emt 00:00:14]} 59. Ke5 {[%clk 00:30:02]} {[%emt 00:00:15]} Rf1
{[%clk 01:04:24]} {[%emt 00:00:21]} 0-1